Årets Hjemmesnekk deltagere 2023 (Easy) - Statistics

General Stats
  • This quiz has been taken 73 times
  • The average score is 8 of 14
Answer Stats
Hint Answer % Correct
1.PlassBlindern Jenter Bundasliga
98%
2.PlassStabekk Gutter Charabanc
95%
4.PlassEikeli Gutter Bar
90%
11.PlassBlindern Gutter Babelaid
81%
7.PlassOHG Gutter Dobermenn
75%
3.PlassNesbru Jenter Vi Piker
61%
8.PlassStabekk Jenter Headturner
44%
14.PlassOHG jenter Medley
42%
13.PlassNadderud Gutter King Of The Hill
37%
10.PlassBergen Gutter Dyreparken
29%
6.PlassSandvika Jenter Holli
27%
5.PlassOppegård Jenter Primadonna
25%
9.PlassSarpsborg Gutter Bangcock
24%
12.PlassUllern Jenter Bånndi
22%
No matching quizzes found
Score Distribution
Percent of People with Each Score
Percentile by Number Answered
Your Score History
You have not taken this quiz